000 00625nam a2200241Ia 4500
003 OSt
005 20221005120720.0
006 a|||||r|||| 00| 0
007 ta
008 221004b |||||||| |||| 00| 0 eng d
024 _a56504
037 _cTextual
040 _aCRL
_cCRL
_beng
041 _2eng
_aeng
082 _aS:2, G3
100 _aWolters A W P
_9629559
245 0 _aEvidence of our senses
260 _c1933
490 _aMethuen's monographs philosophy and psychology. Ed by G C Field
650 _aPSYCHOLOGY
942 _hS:2, G3
_cTEXL
_2cc
999 _c1038921
_d1038921